|
|
|
|
| LEADER |
01283nam a2200337 a 4500 |
| 001 |
000194321 |
| 003 |
CZ BrMZK |
| 005 |
20230628062909.0 |
| 008 |
010907s1997 xr e f cze d |
| 015 |
|
|
|a cnb000273291
|
| 020 |
|
|
|a 80-210-1573-X
|
| 035 |
|
|
|a (OCoLC)37964046
|
| 040 |
|
|
|a BOA001
|b cze
|
| 072 |
|
7 |
|a 616
|x Patologie. Klinická medicína
|2 Konspekt
|9 14
|
| 080 |
|
|
|a 616-006.4-08
|2 MRF
|
| 080 |
|
|
|a 616-08:615.31
|2 MRF
|
| 080 |
|
|
|a [602.9:612.41]:617-089.843
|2 MRF
|
| 080 |
|
|
|a (036)
|2 MRF
|
| 245 |
0 |
0 |
|a Vysokodávkovaná protinádorová chemoterapie s transplantací krvetvorných buněk :
|b informace pro nemocné /
|c Jiří Mayer, Jiří Vorlíček a kolektiv
|
| 250 |
|
|
|a Vyd. 1.
|
| 260 |
|
|
|a Brno :
|b Masarykova univerzita,
|c 1997
|
| 300 |
|
|
|a 25 cm ;
|c 20 cm
|
| 650 |
0 |
7 |
|a protinádorová terapie
|7 ph165182
|2 czenas
|
| 650 |
0 |
7 |
|a chemoterapie
|7 ph134816
|2 czenas
|
| 650 |
0 |
7 |
|a transplantace krvetvorných buněk
|7 ph413831
|2 czenas
|
| 655 |
|
7 |
|a informační publikace
|7 fd132454
|2 czenas
|
| 700 |
1 |
|
|a Mayer, Jiří,
|d 1960-
|7 nlk20000083651
|4 aut
|
| 700 |
1 |
|
|a Vorlíček, Jiří,
|d 1944-
|7 jn20000402598
|4 aut
|
| 910 |
|
|
|a BOA001
|b X-1034.424
|
| 990 |
|
|
|a BK
|
| 996 |
7 |
|
|b 2610054399
|c X-1034.424
|l MZK
|r Sklad / do 24 hodin
|n 20
|p p.v.
|w 000194321
|u 000010
|a 1
|e BOA001
|j MZK50
|s A
|